01017 am a2200325 a 450000500170000000800410001702000080005804100080006609200180007424500940009225000110018626000490019730000160024665300180026265300220028065300230030265300220032565300230034765300200037065300260039065300200041665300240043665300130046065300140047370000430048793000090053094200120053999900130055195201270056420120418111514.0100518s1981||||xxua f |||| 00| 0 spa d aS/N aspa c616.5l5sATL aAtlas de acné y dermatosis relacionadas con el acné / cOrlando Cañizares [et.al]. a1a ed. aNueva York : bSchering corporation, c1981. a600 p.bil. aAcné vulgar aAcné conglobata aAcné cosmético aAcné neonatorum aAcné ocupacional aPioderma facial aAcné por esteroides aAcné tropical aDermatitis perioral aRinofima aRosácea1 aCañizares, Orlando eConsultor91701 a1752 2ddccBK c322d322 00102ddc405171aBFMbBFMcCRd2011-05-13l0o616.5 5 ATLp1752r2014-11-06tej.1w2011-05-13yBKzBaja 2017 (Caja 9)f